000 00861nam a22002777a 4500
001 BR8700709
003 BR-BrBNA
005 20230928092345.0
007 ta
008 230509b bl.||||| |||| 00| 0 por d
040 _aBR-BrBNA
_bpor
_cBiblioteca Nacional de Agricultura
041 _a(Por)
072 _aC20; E40
_b/G514
090 _ C20 BR8700709
100 1 _aFranco, H.M.
245 1 _aComunicacao e educacao cooperativista [Brasil]
260 3 _aFlorianopolis, SC (Brasil):
_bImprensa Universitaria da UFSC,
_c1985.
300 _a82 p.
500 _a(*) Documento disponível no(a) Associacao de Credito e Assistencia Rural de Santa Catarina, Florianopolis (Brazil)
650 _aEDUCACAO
650 _aCOOPERATIVA
650 _aEXTENSAO RURAL
650 _aCOOPERATIVA DE CONSUMO
909 _a202309
_bLucia
_c55
_dLucia Elande
942 _cBK
999 _c38550
_d38550